Top 10 US States with the Worst Drivers - Statistics

General Stats
  • This quiz has been taken 40 times
  • The average score is 7 of 10
Answer Stats
Answer % Correct
California
94%
Colorado & Florida (tie)
91%
Mississippi
79%
Arkansas
71%
Arizona
68%
Kentucky
68%
Nevada
68%
South Carolina
65%
Tennessee
62%
Missouri
56%
No matching quizzes found
Score Distribution
Percent of People with Each Score
Percentile by Number Answered
Your Score History
You have not taken this quiz